000 00882cam a22002771 4500
999 _c7053
_d7053
001 7053
003 BD-JhCC
005 20180416101016.0
008 711207s1965 hiuab b 000 0 eng
035 _a(BD-JhCC)7053
035 _a(OCoLC)179577
040 _aDLC
_cODaWU
_dOCoLC
_dTNJ
_dDLC
_d(BD-JhCC)
041 _aeng
050 0 0 _aLA1052
_b.S5
082 _a370.19330954
_bHUQ 1965
100 2 _aHuq, Muhammad Shamsul
_q(Muhammad)
245 1 0 _aEducation and development strategy in South and Southeast Asia /
_cby Muhammad Shamsul Huq.
260 _aHonolulu,
_bEast-West Center Press
_c[1965]
300 _ax, 286 p.
_billus., map.
_c24 cm.
504 _aBibliographical references included in "Notes" (p. 269-280)
650 0 _aEducation
_xEconomic aspects.
650 0 _aEducation
_zAsia.
650 0 _aEducation
_zSoutheast Asia.
942 _2ddc
_cBK